000 00702nam a2200193Ia 4500
008 090123s9999 xx 000 0 und d
082 _b36879
100 _aझकारीया रफीक
245 _aअज्ञाताच्या ज्ञानासाठी
250 _a1
260 _bपॉप्युलर प्रकाशन
_c2004
300 _a330
600 _aझकारीया रफीक
630 _aअज्ञाताच्या ज्ञानासाठी
700 _aझकारीया रफीक
700 _aगोखले करुणा
730 _aअज्ञाताच्या ज्ञानासाठी
942 _cBOOK
999 _c74947
_d74947